000 00357nam a22001457a 4500
008 210312b ||||| |||| 00| 0 eng d
020 _a0835928217
041 _aeng
080 _a615.83
082 _a615.83
100 _a8
101 _aEGZ
245 _aHealing Massage Techniques-A Study of Eastern and Western Methods
_cTappan,M.F
942 _2udc
_cBK
999 _c56524
_d56524